Central Library OPAC University of Rajshahi

Personnel audit and appraisal./ (Record no. 75777)

MARC details
000 -LEADER
fixed length control field 00779cam a22002771 4500
001 - CONTROL NUMBER
control field 75777
003 - CONTROL NUMBER IDENTIFIER
rucl marc code BD-RjUL
005 - DATE AND TIME OF LATEST TRANSACTION
control field 20211209082738.0
008 - FIXED-LENGTH DATA ELEMENTS--GENERAL INFORMATION
fixed length control field 730418s1955 xx 000 0 eng
035 ## - SYSTEM CONTROL NUMBER
System control number (BD-RjUL)75996
System control number (OCoLC)606935
040 ## - CATALOGING SOURCE
Original cataloging agency DLC
Transcribing agency OClU
Modifying agency Uk
-- DLC
Language of cataloging eng
041 ## - LANGUAGE CODE
Language code of text/sound track or separate title eng
042 ## - AUTHENTICATION CODE
Authentication code premarc
082 ## - DEWEY DECIMAL CLASSIFICATION NUMBER
Classification number 658.3
Edition number 23
Author mark and year LUP 1955
100 1# - MAIN ENTRY--PERSONAL NAME
Personal name Luck, Thomas Jefferson,
Dates associated with a name 1922-
9 (RLIN) 232170
245 10 - TITLE STATEMENT
Title Personnel audit and appraisal./
Statement of responsibility, etc. Thomas Jefferson Luck,
260 ## - PUBLICATION, DISTRIBUTION, ETC. (IMPRINT)
Place of publication, distribution, etc. New York :
Name of publisher, distributor, etc. McGraw-Hill,
Date of publication, distribution, etc. 1955.
300 ## - PHYSICAL DESCRIPTION
Pagination 317p.
Illustrations illus.
Size 24cm.
650 #0 - SUBJECT ADDED ENTRY--TOPICAL TERM
Topical term or geographic name as entry element Personnel management
9 (RLIN) 232171
906 ## - LOCAL DATA ELEMENT F, LDF (RLIN)
a 7
b cbc
c oclcrpl
d u
e ncip
f 19
g y-gencatlg
942 ## - ADDED ENTRY ELEMENTS (KOHA)
Source of classification or shelving scheme Dewey Decimal Classification
Koha item type Books
Holdings
Lost status Source of classification or shelving scheme Damaged status Not for loan Collection code Permanent Location Current Location Shelving location Date acquired Source of acquisition Cost, normal purchase price Total Checkouts Full call number Date last seen Copy number Koha item type
  Dewey Decimal Classification   Not For Loan Non-fiction Central Library, University of Rajshahi Central Library, University of Rajshahi Reading Room 22/03/1963 zeitlinger 52.60   658.3 LUP 1955 03/07/2019 C-1 Books